Fauna of Bhimashankar wildlife sanctury Maharashtra / (Record no. 39267)

MARC details
000 -LEADER
fixed length control field 00796nam a22002057a 4500
005 - DATE AND TIME OF LATEST TRANSACTION
control field 20100804144122.0
010 ## - LCCN (DPL NO)
LC control number ENG-98175
020 ## - INTERNATIONAL STANDARD BOOK NUMBER
International Standard Book Number 9788181712400
Terms of availability 600.00
035 ## - SYSTEM CONTROL NUMBER
System control number EN-81708
037 ## - SOURCE OF ACQUISITION
Source of stock number/acquisition DBAD/PUB
082 ## - DEWEY DECIMAL CLASSIFICATION NUMBER
Classification number 590.95479
245 ## - TITLE STATEMENT
Title Fauna of Bhimashankar wildlife sanctury Maharashtra /
260 ## - PUBLICATION, DISTRIBUTION, ETC. (IMPRINT)
Place of publication, distribution, etc Kolkata
Name of publisher, distributor, etc Zoological Survey of India
Date of publication, distribution, etc 2009
270 ## - ADDRESS
Address 234/4, AJC Bose Road, 2nd MSO Building, 13th Floor, Nizam Palace
City Kolkata
Postal code 700020
300 ## - PHYSICAL DESCRIPTION
Extent 284p.
Dimensions 24cm (pbk)
490 ## - SERIES STATEMENT
Series statement Conservation area series, 42
-- 6150
500 ## - GENERAL NOTE
General note Includes bibliographical references
942 ## - ADDED ENTRY ELEMENTS (KOHA)
Source of classification or shelving scheme Dewey Decimal Classification
Item type English Books
Classification part 590.95479
Call number suffix FAU
Holdings
Withdrawn status Lost status Not for loan Collection code Home library Current library Date acquired Source of acquisition Cost, normal purchase price Full call number Barcode Copy number Cost, replacement price Koha item type
    Not For Loan Non-fiction D.B.Act.Division D.B.Act.Division 04/08/2010 DBAD/PUB 600.00 590.95479 FAU EN-81708 1 600.00 English Books

© Delhi Public Library
Hit Counter
free hit counter